Library of the University of Algiers 3
Ibrahim Sultan Cheibout
شعار جامعة الجزائر 3
مكتبة جامعة الجزائر 3
إبراهيم سلطان شيبوط

الاقتصاد السياسي التحليلي / (رقم التسجيلة. 45829)

تفاصيل مارك
000 -LEADER
fixed length control field 00664nam a2200181Ia 4500
003 - CONTROL NUMBER IDENTIFIER
control field Ost
005 - DATE AND TIME OF LATEST TRANSACTION
control field 20260507075701.0
008 - FIXED-LENGTH DATA ELEMENTS--GENERAL INFORMATION
fixed length control field 260507s9999||||xx |||||||||||||| ||und||
040 ## - CATALOGING SOURCE
Transcribing agency fsecg
041 ## - LANGUAGE CODE
Language code of text/sound track or separate title ara
100 ## - MAIN ENTRY--PERSONAL NAME
Personal name السيفو، وليد اسماعيل
Relator term مؤلف
245 #0 - TITLE STATEMENT
Title الاقتصاد السياسي التحليلي /
Statement of responsibility, etc. وليد اسماعيل السيفو
260 ## - PUBLICATION, DISTRIBUTION, ETC.
Place of publication, distribution, etc. عمان:
Name of publisher, distributor, etc. دار مجدلاوي للنشر و التوزيع,
Date of publication, distribution, etc. 2003
300 ## - PHYSICAL DESCRIPTION
Extent 562 صفحة؛
653 ## - INDEX TERM--UNCONTROLLED
Uncontrolled term اقتصاد قياسي،تحليل رياضي،اقتصاد مالي
700 ## - ADDED ENTRY--PERSONAL NAME
Personal name محمد، مشعل احمد
Relator term مؤلف ثانوي
942 ## - ADDED ENTRY ELEMENTS (KOHA)
Koha item type كتب

لا توجد مواد متاحة.

موارد الويب المفتوحة


© University of Algiers 3 All Rights Reserved
|
Implemented by LECHELAH Riad